Mechanical principles of polymer melt processing /
Guardado en:
| Autor Principal: | |
|---|---|
| Formato: | Libro |
| Idioma: | English |
| Publicado: |
[Cambridge] :
Massachusetts Institute of Technology (MIT),
1975.
|
| Edición: | Ed rev. |
| Materias: | |
| Etiquetas: |
Agregar Etiqueta
Sin Etiquetas, Sea el primero en etiquetar este registro!
|
| LEADER | 00829cam a22002415a 4500 | ||
|---|---|---|---|
| 001 | EIQ.libpla001149 | ||
| 008 | 790611s1975####maua#####b####001#0#eng#d | ||
| 005 | 20060822182655.0 | ||
| 245 | 1 | 0 | |a Mechanical principles of polymer melt processing / |c by J. R. A. Pearson. |
| 250 | |a Ed rev. | ||
| 260 | |a [Cambridge] : |b Massachusetts Institute of Technology (MIT), |c 1975. | ||
| 300 | |a xii, 148 p., 2 h. plegs. de láms. : |b il. ; |c 22 cm. | ||
| 504 | |a Bibliografía: p. 137-139. | ||
| 500 | |a Incluye índice. | ||
| 100 | 1 | |a Pearson, J. R. A. |q (John Richard Anthony) | |
| 082 | 0 | 0 | |a 668.41 |
| 650 | 4 | |a Polímero |x Proceso. | |
| 650 | 4 | |a Polímero |x Derretimiento. | |
| 650 | 4 | |a Polymer |x Melt. | |
| 650 | 4 | |a Polymer |x Processing. | |
| 010 | |a 66017807 | ||
| 040 | |a DLC |c DLC |d AR-BbSID | ||
| 859 | |a AR-BbSID |b BIB. PLAPIQUI |h 620.192 |i P 317 |p 746 | ||
